000 004340000a22001330004500
082 0 4 _aC765m
110 1 _aConsejería Económica y de Competitividad
245 1 0 _aMedellín : Guia para inversionistas y visitantes / Consejería Económica y de Competitividad ; Traduccion : Jairo Raúl Botero
260 _aMedellín : Cámara de Comerci de Medelllín
300 _a85 p.
650 1 4 _aGuia de Medellin
001 2112
942 _cLGB
999 _c49260
_d49260